Statistics for 明日方舟泰拉大陆干员势力代表 Arknights forces

Click here to take the quiz!

General Stats

  • This quiz has been taken 17 times
  • The average score is 28 of 40

Answer Stats

代表干员所属势力% Correct
流明伊比利亚
100%
提丰萨米
100%
德克萨斯企鹅物流
100%
W巴别塔
100%
雷蛇黑钢国际
89%
拉普兰德叙拉古
89%
赫默莱茵生命
89%
赫拉格乌萨斯
89%
幽灵鲨深海猎人
89%
夜莺使徒
89%
羽毛笔玻利瓦尔
89%
炎-龙门
78%
塑心拉特兰
78%
推进之王格拉斯哥帮
78%
九色鹿
78%
汐斯塔
78%
深海色阿戈尔
78%
远牙红松骑士团
78%
早露乌萨斯学生自治团
78%
哥伦比亚
78%
凯尔希罗德岛
78%
S.W.E.E.P
78%
断罪者米诺斯
67%
白铁维多利亚
67%
异客萨尔贡
67%
重岳炎-岁
67%
耶拉喀兰贸易
56%
龙门近卫局
56%
水月
56%
薇薇安娜莱塔尼亚
56%
卡西米尔
56%
鲤氏侦探事务所
56%
焰影苇草深池
56%
灰烬彩虹小队
56%
布洛卡贾维团伙
44%
蜜莓雷姆必拓
44%
克洛丝行动预备组A1
44%
史都华德行动预备组A4
33%
斑点行动预备组A6
33%
夜刀行动组A4
22%

Score Distribution

Percentile by Number Answered

Percent of People with Each Score

Your Score History

You have not taken this quiz